000 00471cam a2200169ua 4500
020 _c41.25.00
041 _aeng
_h
082 _a629.25
_bCRO/AU
100 _aCrouse , William H .
245 _aAutomotive Engines : construaction operation and maintence /
_cWilliam H Crouse.
_hTextual Documents
260 _aNew York :
_bMcGraw Hill Book Company ,
_c1959.
300 _a516 ; .
365 _a41.25.00
504 _a
942 _cBK
999 _c2775
_d2775